000 00936cam a2200157 4500500
005 20260405002317.0
041 _afre
042 _adc
100 1 0 _aRoullière, Yves
_eauthor
245 0 0 _aYirmiyahu Yovel, L’aventure marrane . Judaïsme et modernité. Trad. de l’anglais (États-Unis) par B. Bonne. Seuil, 2011, 700 pages, 30 €
260 _c2012.
500 _a95
520 _aRésuméPasolini se faisait une idée très haute du style, non seulement du style artistique mais aussi du style qu’engage la vie ordinaire, dans les gestes et les figures du quotidien. Il ne s’agit pas là d’une sacralisation de l’art et de ses œuvres, mais d’une décision sur ce qui, dans toutes les formes, met en jeu la valeur même de l’humain.
786 0 _nÉtudes | 417 | 9 | 2012-09-01 | p. XXXVI-XXXVI | 0014-1941
856 4 1 _uhttps://shs.cairn.info/revue-etudes-2012-9-page-XXXVI?lang=fr&redirect-ssocas=7080
999 _c2056491
_d2056491